00263nam a2200121Ia 45000030006000000080041000060400015000471000024000622450017000862600009001035460012001120050017001240STCL150530s9999 xx 000 0 und d aSTCLcSTCL aWilliam Hendrix, F. aRed halligan c1932 aEnglish20220125171349.0